000
00228nam a2200097Ia 4500
008
240625s9999 xx 000 0 und d
041
_a
eng
082
_a
808.20 CHA
100
_a
CHAKRABORTY RISHUBH
245
_a
BUSINESS DEVELOPMENT
999
_c
37624
_d
37624